Stati che confinano con la Libia - Statistics

Statistiche generali
  • Questo quiz è stato fatto 18 volte
  • Il punteggio medio è 6 su 6
Statistiche sulle risposte
Superficie (km²) Popolazione (ab.) Lunghezza confine (km) Stato % Corretto
2 381 741 42 005 390 982 Algeria
100%
1 010 000 107 476 864 1 115 Egitto
100%
1 284 000 11 412 107 1 050 Ciad
93%
1 844 797 41 682 000 382 Sudan
93%
163 610 12 351 444 461 Tunisia
93%
1 267 000 22 772 361 352 Niger
86%
Nessun quiz corrispondente trovato
Distribuzione punteggi
Percentuale di utenti per punteggio
Percentile per numero di risposta
I tuoi punteggi nel tempo
Non hai fatto questo quiz